| Record ID | ia:wiedurcheindunkl0000leon |
| Source | Internet Archive |
| Download MARC XML | https://archive.org/download/wiedurcheindunkl0000leon/wiedurcheindunkl0000leon_marc.xml |
| Download MARC binary | https://www.archive.org/download/wiedurcheindunkl0000leon/wiedurcheindunkl0000leon_meta.mrc |
LEADER: 04459cam 2201225 c 4500
001 ocn180710063
003 OCoLC
005 20220202020437.0
008 061206s2007 sz 000 0 ger
007 tu
040 $aGWDNB$bger$cGWDNB$dGBVCP$dHEBIS$dDEBBG$dCHVBK$dDEBSZ$dDEHBZ$dGWDNB$dOCLCO$dZD0$dOCLCF$dOCLCO
015 $a07,A25,1228$z07,N02,1177$2dnb
015 $a07,N02,1177$2dnb
015 $a08,A42,1658$z08,N23,2479$2dnb
015 $a08,N23,2479$2dnb
015 $aGFR-DNB-07,N02,1177
016 7 $a982235267$2DE-101
016 7 $a988713128$2DE-101
016 7 $a982235267$2GyFmDB
019 $a635273710$a886966643$a890594714$a1284645020
020 $a9783257065732
020 $a3257065736
020 $a9783257237863
020 $a3257237863
024 3 $a9783257065732
035 $a(OCoLC)180710063$z(OCoLC)635273710$z(OCoLC)886966643$z(OCoLC)890594714$z(OCoLC)1284645020
041 1 $ager$heng
044 $cXA-CH
072 7 $aan$2rero
072 7 $a592$2IDS LU
082 4 $a810$aB$qDE-101
084 $a17.97$2bcl
084 $a18.06$2bcl
084 $aOA 700$2rvk
084 $a810$aB$2sdnb
084 $a230$2rpb
100 1 $aLeon, Donna$d1942-$eVerfasser$4aut
245 10 $aWie durch ein dunkles Glas$bCommissario Brunettis fünfzehnter Fall ; Roman$cDonna Leon. Aus dem Amerikan. von Christa E. Seibicke
264 1 $aZürich$bDiogenes$c2007
300 $a343 S.$c19 cm
336 $aText$btxt$2rdacontent/ger
337 $aohne Hilfsmittel zu benutzen$bn$2rdamedia/ger
338 $aBand$bnc$2rdacarrier/ger
490 1 $aDiogenes-Taschenbuch ;$v23786
650 0 $aBrunetti, Guido (Fictitious character)$vFiction
650 0 $aBusinessmen$vFiction.
650 0 $aEnvironmentalists$vFiction.
650 0 $aPolice$zItaly$zVenice$vFiction.
650 0 $aWatchmen$xCrimes against$vFiction.
650 0 $aWater$xPollution$zItaly$zVenice, Lagoon of$vFiction.
651 0 $aMurano (Italy)$vFiction.
650 7 $aBusinessmen$2fast$0(OCoLC)fst00842951
650 7 $aEnvironmentalists$2fast$0(OCoLC)fst00913554
650 7 $aPolice$2fast$0(OCoLC)fst01068398
650 7 $aWater$xPollution$2fast$0(OCoLC)fst01171279
651 7 $aItaly$zLagoon of Venice$2fast$0(OCoLC)fst01333723
651 7 $aItaly$zMurano$2fast$0(OCoLC)fst01212386
651 7 $aItaly$zVenice$2fast$0(OCoLC)fst01204473
650 7 $aGlashütte$2gnd
650 7 $aMord$2gnd
651 7 $aVenedig$2gnd
650 7 $aAmerikanisch.$2idszbz
650 7 $aKriminalroman.$2idszbz
650 07 $aGlashütte.$2swd
653 $a(VLB-PF)BB: Gebunden
655 7 $aFiction$2fast$0(OCoLC)fst01423787
655 7 $aBelletristische Darstellung$2gnd
655 7 $0(DE-588)1071854844$0https://d-nb.info/gnd/1071854844$0(DE-101)1071854844$aFiktionale Darstellung$2gnd-content
655 7 $aAusgabe.$2idszbz
655 7 $aBelletristische Darstellung.$2swd
700 12 $aLeon, Donna$d1942-$tThrough a glass darkly$gdt.$2gnd
830 0 $aDiogenes-Taschenbuch ;$v23786$w(DE-101)011593172$w(DE-600)260755-4
856 42 $mX:MVB$qtext/html$uhttp://deposit.dnb.de/cgi-bin/dokserv?id=2885829&prov=M&dok_var=1&dok_ext=htm$3Inhaltstext
856 42 $qtext/html$uhttp://deposit.d-nb.de/cgi-bin/dokserv?id=3107661&prov=M&dok_var=1&dok_ext=htm$3Inhaltstext
856 42 $qtext/html$uhttp://deposit.d-nb.de/cgi-bin/dokserv?id=2885827&prov=M&dok_var=1&dok_ext=htm$3Inhaltstext
856 4 $uhttp://unisg.link/hm00200429$zInhaltsverzeichnis
029 1 $aCHBGA$b000704476
029 1 $aCHVBK$b580815412
029 1 $aLIBIB$b000265544
029 1 $aHEBIS$b184786908
029 1 $aGWDNB$b988713128
029 1 $aGWDNB$b982235267
029 1 $aGBVCP$b566995212
029 1 $aGBVCP$b522208835
029 1 $aGBVCP$b1313128082
029 1 $aDEBSZ$b26513028X
029 1 $aDEBBG$bBV035346554
029 1 $aDEBBG$bBV022280444
029 1 $aCHVBK$b322688000
029 1 $aCHVBK$b167082892
029 1 $aCHVBK$b055314821
029 1 $aCHVBK$b041952057
029 1 $aCHVBK$b035923245
029 1 $aCHVBK$b02979174X
029 1 $aCHVBK$b000657239
029 1 $aCHSLU$b000522872
029 1 $aCHSGL$b000841565
029 1 $aCHSBT$b000647269
029 1 $aCHNEW$b000435682
029 1 $aCHBIS$b005667155
029 1 $aCHBGA$b000445622
029 1 $aCHBGA$b000367601
029 1 $aCHABN$b000315730
994 $aZ0$bP4A
948 $hNO HOLDINGS IN P4A - 32 OTHER HOLDINGS